The wickepin fence post trial after 57 years of service

Bibliographic Details
Main Author: RULE
Corporate Author: Wood Utilisation Research Centre (W. A.)
Format: Book
Published: (Woodvale, W. A.) : Wood Utilisation Research Centre , 1989
Series:Wood Utilisation Research Centre; report n. 11
Subjects:

MARC

LEADER 00000cam a2200000 7i4500
001 0000002222
005 20030329.0
090 0 0 |a 338.17498   |b RUL 1989 
100 1 0 |a RULE   |h R. 
245 1 4 |a The wickepin fence post trial after 57 years of service   |c R. Rule 
260 0 0 |a (Woodvale, W. A.) :   |b Wood Utilisation Research Centre ,   |c 1989 
300 |a iii, 9 p. ;   |c 30 cm. 
440 0 0 |a Wood Utilisation Research Centre; report n. 11 
500 0 0 |a Bibliography : p. 9 
650 0 0 |a Wood poles   |z Western Australia   |z Wickepin   |x Preservation   |x Evaluation 
650 0 0 |a Wood preservatives   |x Evaluation 
710 1 1 |a Wood Utilisation Research Centre (W. A.) 
998 |a JPSM 
999 |a 0000003870   |b Monograph   |c Open Shelf   |e Default branch